我妹妹

資料類型: Book 圖書   書目號:8192

Leader xxxxxxxxxx
001 __ PCLIS00008192
005 __ 20221226134454.0
010 0_ |a957-522-070-6|b平裝|dNT$130
100 __ |a19870509d1993    m  y0chiy09      e
101 0_ |achi
102 __ |atw
105 __ |aa   r   000zy
200 1_ |a我妹妹|f大頭春著
205 __ |a初版
210 __ |a臺北市|c聯合文學|d民82[1983]
215 0_ |a[184]面|c|d21公分
225 1_ |a聯合文學|v80
225 1_ |a聯合文叢|v60
300 __ |a文學--叢書
300 __ |a作者本名張大春
300 __ |a作者號疑由adm取自出版社但誤取8566
681 __ |a820.8|b8566 88 V60C1
681 __ |a820.8|b8566 88 V.60
700 _1 |a|b大春|f1957-  |4801 _0 |atw|b內湖高中|c20010622
801 _2 |atw|b內湖高中|c20221226|gCCR
詳細館藏(共 1 筆)
索 書 號登 錄 號冊次號館別 / 館藏地流通類型狀態加入預約清單電子資源
820.8 / 8566 2010777 V60 圖書館 / 一樓普通區 可外借30天 在館   

| 條列資料




目錄查詢 分類查詢 個人資料 圖書薦購 新書查詢 閉館日 排行榜 更多電子資源 Hami書城 線上資料庫 登出

From : 216.73.217.14

  本日流通累計至 17:14:14 借閱 : 0 次 續借 : 0 次 歸還 : 0 次 預約 : 0 次 電子資源 : 0 次


內湖高中圖書館  PCLIS 版本  25.5.0.2